[Event "Deutscher Jugend Online Cup 2020"]
[Site "Tornelo"]
[Date "2020.11.14"]
[Round "1.1"]
[White "Hommer, Jeremy"]
[Black "Laux, Dominik"]
[Result "1-0"]
[WhiteElo "2180"]
[BlackElo "2085"]
[Annotator "TA"]
[PlyCount "63"]
[EventDate "2020.11.13"]
[EventType "k.o."]
[SourceTitle "playchess.com"]
[Source "ChessBase"]
[SourceQuality "1"]

{[%evp 9,63,11,16,11,22,18,38,36,77,69,74,58,44,53,58,53,45,60,110,131,137,143,160,136,138,145,207,67,325,287,467,46,529,580,563,575,566,348,348,348,309,325,359,332,367,348,358,351,379,347,430,0,408,391,1205,1105]} 1. d4 d5 2. c4 c6 3. cxd5 cxd5 4. Bg5 Nc6 5. Nc3 h6 6. Bh4 {D10: Slav Defence: 3 cxd5 (without early Nf3) and 3 Nc3.} g5 7. Bg3 Nf6 8. e3 {White is slightly better.} a6 9. Bd3 {[#]} Bd7 $146 ({Predecessor:} 9... e6 10. Nf3 Rg8 11. Ne5 Nxe5 12. Bxe5 Bd6 13. O-O Bxe5 14. dxe5 Nd7 15. Qa4 Rb8 {½-½ (106) Milanovic,D (2471)-Kulkarni,C (2336) Paracin 2018}) 10. Nge2 Rc8 11. h4 Bg7 12. a3 Na5 13. Be5 Nc4 14. Bxc4 dxc4 15. hxg5 hxg5 16. Rxh8+ Bxh8 17. Ng3 Kf8 {[#]} (17... Qb6 $16 {was necessary.}) 18. Bxf6 (18. Qd2 $1 $18) 18... exf6 $4 {[%mdl 8192]} (18... Bxf6 $14 19. Qh5 Bg7) 19. Qh5 $18 Bg7 $2 (19... Ke7 {was worth a try.} 20. O-O-O (20. Nd5+ Kd6 $18) 20... Qf8) 20. Kd2 $2 ({White has to play} 20. Qh7 $18) 20... b5 $2 {[%mdl 8192]} (20... f5 $14) 21. Qh7 Bg4 22. f3 Qc7 23. Nce4 f5 24. Nxf5 ({Weaker is} 24. fxg4 fxe4 25. Nf5 (25. Nxe4 Re8 $11) 25... c3+ 26. Ke2 f6 $18) 24... Bxf5 25. Qxf5 Rd8 26. Nxg5 {And now Ne6+ would win.} Kg8 27. Ke2 Qb7 28. Ne4 Qc6 29. Rh1 Rd5 30. Qg4 $2 (30. Qf4 $18 {Qb8+ is the strong threat.} Qb6 31. Kf2) 30... a5 $2 {[%mdl 8192]} (30... f5 $1 $11 {and Black is okay.} 31. Qh4 fxe4 32. Qxe4 (32. fxe4 Rd7 $11) 32... Rd6) 31. Rh5 Rd8 $2 {[#]} (31... Rxh5 32. Qxh5 Qa6) 32. Rg5 $1 {Weighted Error Value: White=0.65/Black=0.95} 1-0

[Event "Deutscher Jugend Online Cup 2020"]
[Site "Tornelo"]
[Date "2020.11.14"]
[Round "1.1"]
[White "Ermitsch, Magnus"]
[Black "von Mettenheim, Johannes"]
[Result "0-1"]
[WhiteElo "1939"]
[BlackElo "1995"]
[Annotator "TA"]
[PlyCount "128"]
[EventDate "2020.11.13"]
[EventType "k.o."]
[SourceTitle "playchess.com"]
[Source "ChessBase"]
[SourceQuality "1"]

{[%evp 10,128,34,27,25,26,22,28,29,25,31,17,17,2,7,6,29,0,0,-6,16,4,22,0,0,-15,51,43,51,43,54,7,64,68,223,17,31,6,6,0,0,0,0,0,111,0,10,10,0,9,39,59,60,65,86,22,452,451,536,0,0,0,31,0,0,-10,0,0,0,0,0,-79,0,-8,60,60,54,-137,-150,-158,-160,-229,-235,-218,-4,-6,-5,-25,-26,-26,-29,-52,-52,-68,-68,-357,-275,-366,-358,-1403,-1318,-1620,-1558,-1557,-1531,-1877,-1869,-2668,-1658,-29983,-29985,-29985,-29983,-29983,-29984,-29984,-29985,-29990,-29991,-29991,-29992]} 1. e4 c6 2. Nc3 d5 3. Nf3 dxe4 4. Nxe4 Nf6 5. Qe2 Nxe4 6. Qxe4 Nd7 {B11: Caro-Kann: Two Knights Variation.} 7. Bc4 Nf6 8. Ne5 {[%csl Ge5][%cal Rc4f7]} e6 {White has an edge.} 9. Qe2 b5 10. Bb3 (10. Nxc6 Qc7 $15) 10... Qc7 11. d4 Bd6 12. c3 O-O 13. Bf4 c5 14. O-O a5 15. dxc5 ({Don't play} 15. Qxb5 a4 $17) 15... Qxc5 16. Rad1 {Hoping for Nd7!} Bc7 $1 {[#]} 17. Bc2 $146 ({Predecessor:} 17. Qf3 Rb8 18. Nd3 Qe7 19. Bxc7 Qxc7 20. Qg3 Qxg3 21. hxg3 {0-1 (51) Kovalev,V (2648)-Keymer,V (2558) chess.com INT 2020}) 17... Nd5 (17... Bb7 $11) 18. Bg3 $14 b4 19. c4 Nf6 20. Rfe1 Ba6 (20... Bb7 $11) 21. b3 $36 {[%mdl 2048] Black is under pressure.} Rfd8 $2 (21... Bb7 $14) 22. Nd3 $2 (22. Rxd8+ $18 Rxd8 23. Nxf7 $1 {[%mdl 512]}) 22... Qe7 23. Be5 Bb7 24. f3 Bb6+ 25. Kh1 Nd7 26. Bg3 Bd4 {[#]} (26... Nc5 $11) 27. Ne5 (27. Nxb4 $1 $16 {[%mdl 512]} Be5 (27... axb4 28. Rxd4) 28. Nd3 (28. Bxe5 Nxe5 29. Qxe5 axb4 $16)) 27... Bc3 28. Rf1 Nc5 29. Bf2 f6 {And now ...Rxd1 would win.} 30. Nd3 Nxd3 31. Bxd3 e5 32. Be4 (32. Bb6 $1 $16) 32... Bd4 $2 {[%mdl 8192]} (32... Bxe4 $11 33. Qxe4 Qe6) 33. Bxd4 $18 exd4 {[#]} 34. Rfe1 $2 (34. Bd5+ $1 $18 {[%mdl 512]} Kf8 (34... Bxd5 35. Qxe7) 35. Qxe7+ Kxe7 36. Bxb7) 34... Bxe4 $11 35. Qxe4 Qc5 36. Qe6+ Kf8 37. Re4 Re8 38. Qh3 Rxe4 39. fxe4 {[%mdl 4096] Endgame KQR-KQR} h6 40. Qe6 (40. Qd7 $11 {remains equal.}) 40... Qe5 (40... Re8 $17 41. Qg4 {[#]} a4 $1 {[%mdl 512]}) 41. Qd5 Re8 (41... Qxd5 $11 42. exd5 Re8) 42. Rxd4 $14 Qf4 {[%cal Rf4f1]} 43. Qd6+ $2 (43. h3 $14 {stays ahead.}) 43... Qxd6 $17 44. Rxd6 Rxe4 {[%cal Re4e1] KR-KR} 45. h3 (45. Rd1 $17) 45... Re2 $19 46. c5 Rc2 $2 ({Black should play} 46... Rxa2 $19 {...Ke7 is the strong threat.} 47. c6 Rc2) 47. c6 $11 Ke7 48. Rd7+ Ke6 49. Rxg7 Rxa2 50. c7 Rc2 51. Kh2 Kd6 52. Rg4 $2 {[%mdl 8192]} (52. Rh7 $15) 52... Rxc7 $19 {White must now prevent ...Rc3.} ({Much less strong is} 52... Kxc7 53. h4 $19) 53. Rd4+ Ke5 54. Rd3 $2 (54. Rd2) 54... Rc3 55. Rd1 Rxb3 56. Ra1 Ra3 57. Rb1 b3 {[%cal Bb4b3,Bb3b2][%mdl 32]} 58. Kg3 a4 {[%cal Ba5a4,Ba4a3,Ba3a2][%mdl 32]} 59. Kf3 b2+ {Black mates.} 60. Ke2 Rb3 61. Kd2 a3 62. Kc2 Rb8 63. g4 a2 64. Rxb2 Rc8+ {Both players deserved the win here.  Weighted Error Value: White=0.87/Black=0.47} 0-1

[Event "Deutscher Jugend Online Cup 2020"]
[Site "Tornelo"]
[Date "2020.11.14"]
[Round "1.1"]
[White "Wagner, Margarethe"]
[Black "Becker, Linda"]
[Result "1/2-1/2"]
[WhiteElo "1841"]
[BlackElo "1763"]
[Annotator "NA RC"]
[PlyCount "135"]
[EventDate "2020.11.13"]
[EventType "k.o."]
[SourceTitle "playchess.com"]
[Source "ChessBase"]
[SourceQuality "1"]
[TimeControl "600+3"]

1. e4 {[%emt 0:00:00]} e6 {[%emt 0:00:09]} 2. d4 {[%emt 0:00:03]} d5 {[%emt 0:00:03]} 3. e5 {[%emt 0:00:02]} c5 {[%emt 0:00:02]} 4. c3 {[%emt 0:00:04]} Ne7 {[%emt 0:00:06]} 5. Nf3 {[%emt 0:00:07]} Nec6 {[%emt 0:00:10]} 6. a3 {[%emt 0:00:38]} b6 {[%emt 0:00:21]} 7. Be2 {[%emt 0:00:31]} Ba6 {[%emt 0:00:30]} 8. b4 {[%emt 0:00:49]} Bxe2 {[%emt 0:00:13]} 9. Qxe2 {[%emt 0:00:04]} cxd4 {[%emt 0:00:19]} 10. cxd4 {[%emt 0:00:07]} Nd7 {[%emt 0:00:16]} 11. O-O {[%emt 0:00:16]} Be7 {[%emt 0:00:06]} 12. Nc3 {[%emt 0:00:49]} O-O {[%emt 0:00:21]} 13. Bd2 {[%emt 0:00:38]} Rc8 {[%emt 0:00:20]} 14. Rac1 {[%emt 0:00:02]} Re8 {[%emt 0:00:23]} 15. Rfd1 {[%emt 0:00:22]} Bf8 {[%emt 0:00:18]} (15... Ndb8 $14) 16. Bf4 {[%emt 0:00:43]} f6 {[%emt 0:00:33]} 17. Nb5 {[%emt 0:00:20]} a6 {[%emt 0:00:37]} 18. Nd6 {[%emt 0:00:37]} Bxd6 {[%emt 0:00:05]} 19. exd6 {[%emt 0:00:01]} Nf8 {[%emt 0:00:57]} ({Better is} 19... b5 $1 $14) 20. Qxa6 {[%emt 0:00:29]} Ng6 $2 {[%emt 0:00:20]} (20... g5 $16 {might work better.}) 21. Bg3 {[%emt 0:00:11]} Ra8 {[%emt 0:00:31]} (21... Nb8 {was necessary.} 22. Qd3 Rxc1 23. Rxc1 Qd7) 22. Qb5 {[%emt 0:00:13]} Na7 {[%emt 0:00:15] [#]} 23. Qd3 $2 {[%emt 0:00:17]} (23. Qa4 $1 $18) 23... Rc8 $2 {[%emt 0:00:08]} (23... Nc8 $14) 24. Rc7 {[%emt 0:00:07]} Rxc7 {[%emt 0:00:16]} 25. dxc7 {[%emt 0:00:03]} Qd7 {[%emt 0:00:18]} 26. Rc1 {[%emt 0:00:09]} Nc8 {[%emt 0:00:12]} 27. b5 {[%emt 0:00:09]} e5 {[%emt 0:00:09]} 28. Qc2 $2 {[%emt 0:00:25]} (28. dxe5 $18 Nxe5 29. Nxe5 fxe5 30. f3) 28... e4 {[%emt 0:00:13]} 29. Nd2 {[%emt 0:00:10]} f5 {[%emt 0:00:11]} 30. Qc6 {[%emt 0:00:04]} Qxc6 {[%emt 0:00:05]} 31. Rxc6 {[%emt 0:00:03]} f4 {[%emt 0:00:04]} 32. Rxg6 {[%emt 0:00:10]} hxg6 {[%emt 0:00:17]} 33. Bxf4 {[%emt 0:00:03]} Kf7 {[%emt 0:00:09]} 34. Nb3 {[%emt 0:01:00]} Ke6 {[%emt 0:00:12]} 35. a4 {[%emt 0:00:04]} Kf5 {[%emt 0:00:11] [#]} (35... Kd7 $11 {remains equal.}) 36. Be5 {[%emt 0:00:15]} (36. Bg3 $1 $16) 36... Re7 {[%emt 0:00:20]} (36... Ke6 $11) 37. a5 {[%emt 0:00:04]} ({White should play} 37. Bg3 $16) 37... Rxe5 {[%emt 0:00:22]} 38. dxe5 {[%emt 0:00:04]} Kxe5 {[%emt 0:00:02]} 39. Kf1 {[%emt 0:00:35]} d4 $2 {[%emt 0:00:06]} (39... bxa5 $1 $11 {and Black has nothing to worry.} 40. Nxa5 Kd6) 40. Ke2 {[%emt 0:00:07]} (40. a6 $142) 40... Kd5 {[%emt 0:00:07]} 41. axb6 {[%emt 0:00:10]} Nxb6 {[%emt 0:00:04]} 42. Na5 {[%emt 0:00:01]} Kd6 {[%emt 0:00:19]} 43. Nb7+ {[%emt 0:00:18]} Kxc7 {[%emt 0:00:23]} 44. Nc5 {[%emt 0:00:01]} d3+ {[%emt 0:00:08]} 45. Kd1 {[%emt 0:00:04]} Nc4 {[%emt 0:00:18]} 46. Nxe4 {[%emt 0:00:02]} Kb6 {[%emt 0:00:02]} 47. Nc3 {[%emt 0:00:12]} Kc5 {[%emt 0:00:10]} 48. Ne4+ {[%emt 0:00:03]} Kxb5 {[%emt 0:00:05]} 49. Nd2 {[%emt 0:00:03]} Ne5 {[%emt 0:00:10]} 50. f4 {[%emt 0:00:03]} Ng4 {[%emt 0:00:03]} 51. h3 {[%emt 0:00:06]} Ne3+ {[%emt 0:00:02]} 52. Kc1 {[%emt 0:00:08]} Nxg2 {[%emt 0:00:02]} 53. Nf3 $19 {[%emt 0:00:11]} Nxf4 {[%emt 0:00:04]} 54. h4 {[%emt 0:00:03]} Kc5 {[%emt 0:00:03]} 55. Kd2 {[%emt 0:00:01]} Kd5 {[%emt 0:00:02]} 56. Ke3 {[%emt 0:00:05]} Ng2+ {[%emt 0:00:09]} 57. Kxd3 {[%emt 0:00:02]} Ke6 {[%emt 0:00:04]} 58. Ke4 {[%emt 0:00:05]} Kf6 {[%emt 0:00:06]} 59. Kd3 {[%emt 0:00:03]} Nf4+ {[%emt 0:00:02]} 60. Ke4 {[%emt 0:00:01]} Nh5 {[%emt 0:00:02]} 61. Ke3 {[%emt 0:00:03]} Kf5 {[%emt 0:00:02]} 62. Ng5 {[%emt 0:00:04]} Kg4 {[%emt 0:00:04]} 63. Nf3 {[%emt 0:00:04]} Nf4 {[%emt 0:00:03]} 64. Kf2 {[%emt 0:00:03]} Nd3+ {[%emt 0:00:05]} 65. Kg2 {[%emt 0:00:03]} Nf4+ {[%emt 0:00:01]} 66. Kf2 {[%emt 0:00:02]} Nd3+ {[%emt 0:00:03]} 67. Kg2 {[%emt 0:00:02]} Nf4+ {[%emt 0:00:02]} 68. Kf2 {[%emt 0:00:01]} 1/2-1/2

[Event "Deutscher Jugend Online Cup 2020"]
[Site "Tornelo"]
[Date "2020.11.14"]
[Round "1.1"]
[White "Herrmann, Jakob"]
[Black "Goldmann, David"]
[Result "0-1"]
[WhiteElo "1515"]
[BlackElo "1644"]
[Annotator "NA RC"]
[PlyCount "78"]
[EventDate "2020.11.13"]
[EventType "k.o."]
[SourceTitle "playchess.com"]
[Source "ChessBase"]
[SourceQuality "1"]
[TimeControl "600+3"]

1. e4 {[%emt 0:00:00]} c5 {[%emt 0:00:03]} 2. Nc3 {[%emt 0:00:07]} e6 {[%emt 0:00:01]} 3. Nge2 {[%emt 0:00:06]} d5 {[%emt 0:00:04]} 4. exd5 {[%emt 0:00:10]} exd5 {[%emt 0:00:02]} 5. d4 {[%emt 0:00:02]} Nf6 {[%emt 0:00:04]} 6. g3 {[%emt 0:00:15]} Be7 {[%emt 0:00:03]} 7. Bg2 {[%emt 0:00:11]} O-O {[%emt 0:00:05]} 8. O-O {[%emt 0:00:04]} Be6 {[%emt 0:00:05]} 9. Be3 {[%emt 0:00:26]} c4 {[%emt 0:00:11]} 10. Nf4 {[%emt 0:00:41]} Nc6 {[%emt 0:00:19]} 11. b3 {[%emt 0:00:33]} Bb4 {[%emt 0:00:36]} 12. Nce2 {[%emt 0:00:58]} cxb3 {[%emt 0:00:36]} 13. axb3 {[%emt 0:00:31]} Bf5 {[%emt 0:00:36]} 14. c3 {[%emt 0:00:22]} Ba5 {[%emt 0:00:12]} 15. c4 {[%emt 0:00:19]} Ne7 {[%emt 0:00:28]} 16. Nd3 {[%emt 0:01:21]} Be4 {[%emt 0:00:57]} 17. Nc5 {[%emt 0:00:34]} Bxg2 {[%emt 0:00:21]} 18. Kxg2 {[%emt 0:00:09]} b6 {[%emt 0:01:24]} 19. Nb7 {[%emt 0:00:12]} Qd7 {[%emt 0:00:06]} 20. Nxa5 {[%emt 0:00:06]} bxa5 {[%emt 0:00:01]} 21. Rxa5 {[%emt 0:00:10]} dxc4 {[%emt 0:00:02]} 22. bxc4 {[%emt 0:00:04]} Qc6+ {[%emt 0:00:01]} 23. d5 {[%emt 0:00:29]} Qxc4 {[%emt 0:00:06]} 24. Rc5 {[%emt 0:00:14]} Qe4+ {[%emt 0:00:07]} 25. Kg1 {[%emt 0:00:22]} Nexd5 {[%emt 0:00:08]} 26. Nc3 {[%emt 0:00:47]} Nxc3 {[%emt 0:00:09]} 27. Rxc3 {[%emt 0:00:04]} Rad8 {[%emt 0:00:05]} 28. Qe2 {[%emt 0:00:08]} Nd5 {[%emt 0:00:14]} 29. Rc4 {[%emt 0:00:05]} Qe6 {[%emt 0:00:11]} 30. Re1 {[%emt 0:00:16]} Nxe3 {[%emt 0:00:03]} 31. fxe3 {[%emt 0:00:05]} Rc8 {[%emt 0:00:36]} 32. Ra4 {[%emt 0:00:16]} Qb6 {[%emt 0:00:14]} 33. Ra6 {[%emt 0:00:07]} Qc5 {[%emt 0:00:03]} 34. Qa2 {[%emt 0:00:17]} Qc3 {[%emt 0:00:16]} 35. Kf2 {[%emt 0:00:20]} Qd3 {[%emt 0:00:09]} 36. Re2 {[%emt 0:00:17]} Qf5+ {[%emt 0:00:05]} 37. Kg2 {[%emt 0:00:08]} Rc1 {[%emt 0:00:04]} 38. Rf2 {[%emt 0:00:10]} Qe4+ {[%emt 0:00:01]} 39. Rf3 {[%emt 0:00:09]} Rc2+ {[%emt 0:00:02]} 0-1

[Event "Deutscher Jugend Online Cup 2020"]
[Site "Tornelo"]
[Date "2020.11.14"]
[Round "1.1"]
[White "Haug, Mara"]
[Black "Arnold, Rubina"]
[Result "1-0"]
[WhiteElo "1356"]
[BlackElo "1414"]
[Annotator "NA RC"]
[PlyCount "137"]
[EventDate "2020.11.13"]
[EventType "k.o."]
[SourceTitle "playchess.com"]
[Source "ChessBase"]
[SourceQuality "1"]
[TimeControl "600+3"]

1. e4 {[%emt 0:00:00]} c5 {[%emt 0:00:11]} 2. Nf3 {[%emt 0:00:03]} e6 {[%emt 0:00:07]} 3. d4 {[%emt 0:00:03]} cxd4 {[%emt 0:00:05]} 4. Nxd4 {[%emt 0:00:01]} a6 {[%emt 0:00:07]} 5. Nc3 {[%emt 0:00:05]} Qc7 {[%emt 0:00:04]} 6. Be2 {[%emt 0:00:09]} Nf6 {[%emt 0:00:05]} 7. O-O {[%emt 0:00:39]} Nc6 {[%emt 0:00:06]} 8. Nb3 {[%emt 0:00:16]} Be7 {[%emt 0:00:09]} 9. Be3 {[%emt 0:00:11]} O-O {[%emt 0:00:32]} 10. f4 {[%emt 0:00:05]} d6 {[%emt 0:00:13]} 11. Bf3 {[%emt 0:00:17]} b5 {[%emt 0:00:53]} 12. a3 {[%emt 0:00:07]} Bb7 {[%emt 0:00:14]} 13. Qe2 {[%emt 0:00:34]} Rfd8 {[%emt 0:01:02]} 14. Rad1 {[%emt 0:00:06]} Nd7 {[%emt 0:00:32]} 15. Qf2 {[%emt 0:00:32]} Na5 {[%emt 0:00:51]} 16. Nxa5 {[%emt 0:00:52]} Qxa5 {[%emt 0:00:05]} 17. Rd2 {[%emt 0:00:51]} Qc7 {[%emt 0:00:32]} 18. Rfd1 {[%emt 0:00:08]} Nc5 {[%emt 0:00:12]} 19. b4 {[%emt 0:00:22]} Na4 {[%emt 0:00:16]} 20. Nxa4 {[%emt 0:00:05]} bxa4 {[%emt 0:00:04]} 21. Bb6 {[%emt 0:00:03]} Qc3 {[%emt 0:00:49]} 22. Bxd8 {[%emt 0:00:07]} Rxd8 {[%emt 0:00:09]} 23. Rd3 {[%emt 0:00:05]} Qb2 {[%emt 0:00:35]} 24. e5 {[%emt 0:00:35]} Bxf3 {[%emt 0:00:55]} 25. exd6 {[%emt 0:00:23]} Bf8 {[%emt 0:00:52]} 26. Rxf3 {[%emt 0:00:31]} Rxd6 {[%emt 0:00:23]} 27. Rxd6 {[%emt 0:00:52]} Bxd6 {[%emt 0:00:05]} 28. Qd2 {[%emt 0:00:19]} Bc7 {[%emt 0:00:32]} 29. h3 {[%emt 0:00:35]} Qa1+ {[%emt 0:00:36]} 30. Kh2 {[%emt 0:00:05]} g6 {[%emt 0:00:02]} 31. Kg3 {[%emt 0:00:26]} Kg7 {[%emt 0:00:07]} 32. Qc3+ {[%emt 0:00:07]} Qxc3 {[%emt 0:00:05]} 33. Rxc3 {[%emt 0:00:02]} Bb6 {[%emt 0:00:03]} 34. Rc6 {[%emt 0:00:05]} Bd4 {[%emt 0:00:04]} 35. Rxa6 {[%emt 0:00:05]} Bb2 {[%emt 0:00:02]} 36. Rxa4 {[%emt 0:00:04]} h5 {[%emt 0:00:03]} 37. b5 {[%emt 0:00:04]} Bf6 {[%emt 0:00:04]} 38. b6 {[%emt 0:00:03]} Bd8 {[%emt 0:00:02]} 39. b7 {[%emt 0:00:02]} Bc7 {[%emt 0:00:02]} 40. Rb4 {[%emt 0:00:01]} Bb8 {[%emt 0:00:03]} 41. a4 {[%emt 0:00:14]} Kf6 {[%emt 0:00:02]} 42. a5 {[%emt 0:00:02]} Ke7 {[%emt 0:00:03]} 43. a6 {[%emt 0:00:02]} Kd8 {[%emt 0:00:04]} 44. a7 {[%emt 0:00:04]} Bxa7 {[%emt 0:00:03]} 45. b8=Q+ {[%emt 0:00:03]} Bxb8 {[%emt 0:00:01]} 46. Rxb8+ {[%emt 0:00:02]} Kd7 {[%emt 0:00:03]} 47. Rb7+ {[%emt 0:00:02]} Ke8 {[%emt 0:00:02]} 48. Rb6 {[%emt 0:00:04]} Kd7 {[%emt 0:00:04]} 49. c4 {[%emt 0:00:04]} Kc7 {[%emt 0:00:02]} 50. Rb3 {[%emt 0:00:05]} f5 {[%emt 0:00:07]} 51. Kf3 {[%emt 0:00:03]} Kc6 {[%emt 0:00:04]} 52. Ke3 {[%emt 0:00:05]} Kc5 {[%emt 0:00:02]} 53. Kd3 {[%emt 0:00:01]} h4 {[%emt 0:00:04]} 54. Rb5+ {[%emt 0:00:04]} Kc6 {[%emt 0:00:02]} 55. Kd4 {[%emt 0:00:03]} Kd6 {[%emt 0:00:06]} 56. Rb6+ {[%emt 0:00:05]} Kd7 {[%emt 0:00:02]} 57. c5 {[%emt 0:00:02]} Ke7 {[%emt 0:00:03]} 58. Ke5 {[%emt 0:00:02]} Kd7 {[%emt 0:00:03]} 59. c6+ {[%emt 0:00:09]} Kc7 {[%emt 0:00:03]} 60. Ra6 {[%emt 0:00:03]} Kc8 {[%emt 0:00:04]} 61. Ra7 {[%emt 0:00:04]} Kb8 {[%emt 0:00:02]} 62. Re7 {[%emt 0:00:03]} Kc8 {[%emt 0:00:02]} 63. Kd6 {[%emt 0:00:01]} Kd8 {[%emt 0:00:03]} 64. c7+ {[%emt 0:00:02]} Kc8 {[%emt 0:00:02]} 65. Re8+ {[%emt 0:00:03]} Kb7 {[%emt 0:00:01]} 66. c8=Q+ {[%emt 0:00:02]} Ka7 {[%emt 0:00:04]} 67. Qc5+ {[%emt 0:00:04]} Kb7 {[%emt 0:00:04]} 68. Re7+ {[%emt 0:00:02]} Ka6 {[%emt 0:00:05]} 69. Kc6 {[%emt 0:00:02]} 1-0

[Event "Deutscher Jugend Online Cup 2020"]
[Site "Tornelo"]
[Date "2020.11.14"]
[Round "1.1"]
[White "Hoffmann, Svenja"]
[Black "B___, L___"]
[Result "0-1"]
[WhiteElo "1307"]
[BlackElo "1348"]
[Annotator "NA RC"]
[PlyCount "132"]
[EventDate "2020.11.13"]
[EventType "k.o."]
[SourceTitle "playchess.com"]
[Source "ChessBase"]
[SourceQuality "1"]
[TimeControl "600+3"]

1. e4 {[%emt 0:00:00]} c5 {[%emt 0:00:04]} 2. Nf3 {[%emt 0:00:06]} g6 {[%emt 0:00:07]} 3. d4 {[%emt 0:00:03]} cxd4 {[%emt 0:00:04]} 4. Nxd4 {[%emt 0:00:03]} Nc6 {[%emt 0:00:05]} 5. Nc3 {[%emt 0:00:05]} Nf6 {[%emt 0:00:27]} 6. f3 {[%emt 0:00:10]} Nxd4 {[%emt 0:00:26]} 7. Qxd4 {[%emt 0:00:04]} Bg7 {[%emt 0:00:05]} 8. Qd3 {[%emt 0:00:09]} O-O {[%emt 0:00:24]} 9. Be3 {[%emt 0:00:05]} d6 {[%emt 0:00:11]} 10. O-O-O {[%emt 0:00:05]} Be6 {[%emt 0:00:12]} 11. Qd2 {[%emt 0:00:07]} Qa5 {[%emt 0:00:17]} 12. Kb1 {[%emt 0:00:14]} Rfc8 {[%emt 0:00:11]} 13. a3 {[%emt 0:00:26]} a6 {[%emt 0:00:50]} 14. Bh6 {[%emt 0:00:17]} Bh8 {[%emt 0:01:05]} 15. h4 {[%emt 0:00:42]} Qc5 {[%emt 0:00:54]} 16. g4 {[%emt 0:00:13]} b5 {[%emt 0:00:11]} 17. h5 {[%emt 0:00:11]} b4 {[%emt 0:00:42]} 18. axb4 {[%emt 0:00:14]} Qxb4 {[%emt 0:00:04]} 19. hxg6 {[%emt 0:00:12]} fxg6 {[%emt 0:00:12]} 20. Qd4 {[%emt 0:01:32]} Qxd4 {[%emt 0:00:49]} 21. Rxd4 {[%emt 0:00:04]} Nxg4 {[%emt 0:00:13]} 22. Rd2 {[%emt 0:00:10]} Rab8 {[%emt 0:00:04]} 23. fxg4 {[%emt 0:00:05]} Bxc3 {[%emt 0:00:05]} 24. Rf2 {[%emt 0:00:13]} Rxb2+ {[%emt 0:00:09]} 25. Kc1 {[%emt 0:00:02]} Rcb8 {[%emt 0:00:09]} 26. Kd1 {[%emt 0:00:46]} Bxg4+ {[%emt 0:00:03]} 27. Be2 {[%emt 0:00:18]} Rb1+ {[%emt 0:00:07]} 28. Bc1 {[%emt 0:00:05]} Bxe2+ {[%emt 0:00:12]} 29. Rxe2 {[%emt 0:00:03]} Ra1 {[%emt 0:00:13]} 30. Rf2 {[%emt 0:01:33]} Rbb1 {[%emt 0:00:15]} 31. Ke2 {[%emt 0:00:11]} Rxc1 {[%emt 0:00:07]} 32. Rxc1 {[%emt 0:00:03]} Rxc1 {[%emt 0:00:02]} 33. Kd3 {[%emt 0:00:02]} Be5 {[%emt 0:00:04]} 34. Kd2 {[%emt 0:00:04]} Ra1 {[%emt 0:00:03]} 35. Kd3 {[%emt 0:00:20]} a5 {[%emt 0:00:02]} 36. Kc4 {[%emt 0:00:03]} a4 {[%emt 0:00:02]} 37. Kb4 {[%emt 0:00:08]} a3 {[%emt 0:00:02]} 38. Kb3 {[%emt 0:00:03]} a2 {[%emt 0:00:02]} 39. Re2 {[%emt 0:00:25]} Rb1+ {[%emt 0:00:03]} 40. Kxa2 {[%emt 0:00:02]} Ra1+ {[%emt 0:00:05]} 41. Kb3 {[%emt 0:00:02]} h5 {[%emt 0:00:03]} 42. Kc4 {[%emt 0:00:05]} Rh1 {[%emt 0:00:05]} 43. Rg2 {[%emt 0:00:06]} Kh7 {[%emt 0:00:04]} 44. Kd5 {[%emt 0:00:05]} h4 {[%emt 0:00:13]} 45. Ke6 {[%emt 0:00:04]} Bf6 {[%emt 0:00:06]} 46. Kf7 {[%emt 0:00:32]} g5 {[%emt 0:00:05]} 47. Ke6 {[%emt 0:00:06]} h3 {[%emt 0:00:04]} 48. Rf2 {[%emt 0:00:16]} Re1 {[%emt 0:00:04]} 49. Kf5 {[%emt 0:00:11]} Kh6 {[%emt 0:00:15]} 50. Kg4 {[%emt 0:00:04]} Rxe4+ {[%emt 0:00:04]} 51. Kxh3 {[%emt 0:00:02]} Rh4+ {[%emt 0:00:03]} 52. Kg3 {[%emt 0:00:02]} Be5+ {[%emt 0:00:09]} 53. Kf3 {[%emt 0:00:08]} Rf4+ {[%emt 0:00:02]} 54. Ke2 {[%emt 0:00:03]} Rxf2+ {[%emt 0:00:02]} 55. Kxf2 {[%emt 0:00:02]} g4 {[%emt 0:00:02]} 56. Kg2 {[%emt 0:00:02]} g3 {[%emt 0:00:02]} 57. c4 {[%emt 0:00:03]} Bf4 {[%emt 0:00:12]} 58. Kh3 {[%emt 0:00:03]} Kg6 {[%emt 0:00:03]} 59. Kg2 {[%emt 0:00:03]} Kf5 {[%emt 0:00:02]} 60. Kf3 {[%emt 0:00:03]} e5 {[%emt 0:00:02]} 61. Ke2 {[%emt 0:00:06]} e4 {[%emt 0:00:05]} 62. Kf1 {[%emt 0:00:06]} e3 {[%emt 0:00:03]} 63. Kg2 {[%emt 0:00:05]} e2 {[%emt 0:00:02]} 64. Kh3 {[%emt 0:00:02]} e1=Q {[%emt 0:00:04]} 65. Kg2 {[%emt 0:00:10]} Qf2+ {[%emt 0:00:04]} 66. Kh3 {[%emt 0:00:04]} Qh2# {[%emt 0:00:02]} 0-1

[Event "Deutscher Jugend Online Cup 2020"]
[Site "Tornelo"]
[Date "2020.11.14"]
[Round "1.2"]
[White "Bakiev, Diyor"]
[Black "Haack, Kevin"]
[Result "1-0"]
[WhiteElo "2119"]
[BlackElo "2076"]
[Annotator "TA"]
[PlyCount "75"]
[EventDate "2020.11.13"]
[EventType "k.o."]
[SourceTitle "playchess.com"]
[Source "ChessBase"]
[SourceQuality "1"]

{[%evp 9,75,6,4,11,19,9,27,-6,38,19,24,27,15,19,53,29,51,7,25,-19,0,1,16,12,33,0,12,20,59,7,80,68,66,64,126,133,136,69,94,61,104,95,164,162,187,195,552,543,732,674,2216,2216,1974,1966,1879,786,1886,1035,1884,1885,2663,2012,29978,29979,29979,29980,29979,29978]} 1. b3 e5 2. Bb2 Nc6 3. e3 Nf6 4. Bb5 d6 5. Nf3 Be7 6. O-O {A01: Nimzowitsch-Larsen Opening.} O-O 7. d4 exd4 8. Nxd4 {[#] White has an edge.} Ne5 $146 ({Predecessor:} 8... Nxd4 9. exd4 c6 10. Bd3 b5 11. Qf3 Bb7 12. Bxb5 Qb6 13. Bd3 d5 14. Nd2 Bc8 {1-0 (46) Skodras,M (1091)-Tsouchnikas,G (1247) Thessaloniki/Halkidiki 2019}) 9. Nd2 {[%cal Bb1d2,Bd2f3,Bf3e5][%mdl 32]} c6 10. Be2 d5 11. c4 c5 12. Nb5 Nc6 13. Nf3 a6 14. Na3 dxc4 15. Nxc4 Qc7 16. Nfe5 Be6 17. Bf3 Rfd8 18. Qe2 Bd5 19. e4 (19. Nxc6 $14 Qxc6 20. e4) 19... Be6 (19... Bxc4 $11 {keeps the balance.} 20. Nxc4 Nd4 21. Bxd4 Rxd4) 20. Nxc6 $16 Qxc6 21. Bxf6 Bxc4 ({Avoid the trap} 21... Bxf6 $2 22. e5 $18) ({Black should try} 21... gxf6 $14 22. g3 Rd4) 22. bxc4 gxf6 23. Rad1 (23. e5 $16 Qc7 24. Rab1 Qxe5 25. Qxe5 (25. Rxb7 Qxe2 26. Bxe2 Bd6 $16) 25... fxe5 26. Rxb7) 23... Qc7 24. Bg4 Bd6 25. g3 Kh8 (25... b5 $16) 26. Bf5 $18 {[#] Strongly threatening Qh5!} Rg8 27. Rd5 {Rfd1 is the strong threat.} Rad8 $2 (27... Rg7 {is more resistant.} 28. Qe3 b5) 28. Rfd1 Rg7 29. Qd3 Be7 30. Rxd8+ Bxd8 31. Qxd8+ Qxd8 32. Rxd8+ Rg8 33. Rxg8+ Kxg8 {KB-KP} 34. Bc8 b5 35. Bxa6 bxc4 36. Bxc4 {White mates.} Kf8 37. Kg2 Ke7 38. f4 {Weighted Error Value: White=0.19/Black=0.54} 1-0